|
|
|
|
| LEADER |
00646nam a22001697a 4500 |
| 008 |
151207b xxu||||| |||| 00| 0 eng d |
| 020 |
|
|
|a 9780198072362
|
| 082 |
|
|
|a 338.4791 SWA
|
| 100 |
|
|
|a Swain, Sampad Kumar
|
| 245 |
|
|
|a Tourism :
|b Principles and practices /
|c Sampad Kumar Swain and Jitendra Mohan Mishra
|
| 260 |
|
|
|a New Delhi :
|b Oxford University Press,
|c 2012.
|
| 300 |
|
|
|a 748p.
|
| 650 |
|
|
|a Tourism
|
| 700 |
|
|
|a Mishra, Jitendra Mohan
|
| 942 |
|
|
|2 ddc
|c BK
|
| 999 |
|
|
|c 13210
|d 13210
|
| 952 |
|
|
|0 0
|1 0
|2 ddc
|4 0
|6 338_479100000000000_SWA
|7 0
|9 18869
|a MAIN
|b MAIN
|d 2015-12-07
|e Current Books, Kottayam
|g 525.00
|o 338.4791 SWA
|p 18976
|r 2017-05-11
|t 1
|w 2015-12-07
|y BK
|